000 00296nam a2200121 a 4500
008 101026s1989|||| d
100 1 _aMartini Carlos, Juan
245 1 0 _aNedokonalý prízrak na letisku
260 _bTatran
_aBratislava
_c1989
020 _c27
041 _aslo
044 _axo
_cSK
999 _c12275
_d12275